[Event "IV Torneo A Settembre Vomero"]
[Site "Napoli ITA"]
[Date "2007.10.18"]
[Round "4"]
[White "Cosenza, Gianni"]
[Black "Ricci, Giuseppe"]
[Result "1-0"]
[WhiteElo "2014"]
[BlackElo "1956"]
[PlyCount "157"]
[EventDate "2007.09.27"]

1. e4 c5 2. Nf3 d6 3. d4 cxd4 4. Nxd4 Nf6 5. Nc3 a6 6. Be2 e5 7. Nb3 Be6 8. O-O
Be7 9. Bg5 O-O 10. f4 Qc7 11. Qd2 Nbd7 12. Rad1 Rfd8 13. f5 Bc4 14. Rfe1 Bxe2
15. Rxe2 b5 16. a3 Nb6 17. Bxf6 Bxf6 18. Nd5 Nxd5 19. Qxd5 Rac8 20. Rd3 Rd7 21.
Kf1 Qb6 22. Rg3 Rdc7 23. c3 a5 24. Qd2 Kf8 25. Qe3 Qxe3 26. Rgxe3 a4 27. Na1
Rc5 28. Rd3 Ke7 29. Nc2 Kd7 30. Nb4 Rc4 31. Nd5 Bd8 32. Kf2 R4c6 33. Kf3 f6 34.
Red2 Ba5 35. Ne3 h6 36. Rd5 Rb6 37. Rd1 Ke7 38. c4 Rd8 39. cxb5 Rb7 40. Nc4 Bc7
41. R1d3 Rdb8 42. b6 Bxb6 43. Rxd6 Bd4 44. Re6+ Kf8 45. Ra6 Rb3 46. Ke2 Bxb2
47. Rxa4 Bd4 48. Rd2 Rc3 49. Ra2 Kg8 50. Nd2 Rbc8 51. Rb4 Re3+ 52. Kd1 Rcc3 53.
a4 Rcd3 54. a5 Ra3 55. Ra4 Rxa4 56. Rxa4 Kf7 57. a6 Ba7 58. Rb4 Ke8 59. Rb7 Bd4
60. a7 Bxa7 61. Rxa7 Kf8 62. Rd7 Ra3 63. Ke2 Ra2 64. Rc7 Rb2 65. Kd3 Ra2 66.
Rc2 Ra1 67. Nf3 Kg8 68. Nh4 Kh7 69. Ng6 Ra3+ 70. Kc4 Ra4+ 71. Kd5 Rd4+ 72. Ke6
Rxe4 73. h4 Rg4 74. Rc8 Rxg6 75. fxg6+ Kxg6 76. Rc4 Kh7 77. Kf5 h5 78. Rc3 Kh6
79. Rc8 1-0

[Event "IV Torneo A Settembre Vomero"]
[Site "Napoli ITA"]
[Date "2007.10.18"]
[Round "4"]
[White "Della Corte, Alessandro"]
[Black "De Rosa, Francesco"]
[Result "1-0"]
[WhiteElo "2260"]
[BlackElo "1911"]
[PlyCount "51"]
[EventDate "2007.09.27"]

1. Nf3 c5 2. e4 Nc6 3. Nc3 d6 4. Bb5 Bd7 5. Bxc6 Bxc6 6. d4 cxd4 7. Qxd4 e6 8.
Bg5 Qc7 9. O-O-O f6 10. Be3 b6 11. Qd3 Rd8 12. Nd4 Qd7 13. Qc4 Rc8 14. Qxe6+
Be7 15. Qb3 g6 16. Rhe1 f5 17. exf5 gxf5 18. Bg5 Be4 19. Nxe4 fxe4 20. Rxe4 Rc5
21. Ne6 Rxg5 22. Nxg5 Qf5 23. Rd5 Qg6 24. Qc3 Kd7 25. Qh3+ Kc6 26. Qc8+ 1-0

[Event "IV Torneo A Settembre Vomero"]
[Site "Napoli ITA"]
[Date "2007.10.18"]
[Round "4"]
[White "Esposito, Rosario"]
[Black "Longobardi, Giuseppe"]
[Result "0-1"]
[WhiteElo "1916"]
[BlackElo "2017"]
[PlyCount "68"]
[EventDate "2007.09.27"]

1. d4 Nf6 2. c4 e6 3. Nc3 Bb4 4. e3 b6 5. Nge2 Bb7 6. a3 Bxc3+ 7. Nxc3 Ne4 8.
Qc2 f5 9. d5 Nxc3 10. Qxc3 O-O 11. b3 Qf6 12. Qxf6 Rxf6 13. Bb2 Rf7 14. O-O-O
exd5 15. cxd5 d6 16. Be2 Nd7 17. Kb1 Nf6 18. Bxf6 Rxf6 19. Bf3 Re8 20. Rc1 Re7
21. Rc2 Kf8 22. Rhc1 Rff7 23. Kb2 Ke8 24. Bh5 g6 25. Bf3 Kd8 26. g3 Re5 27. Rd2
g5 28. Bg2 f4 29. gxf4 gxf4 30. exf4 Rxf4 31. Rc4 Ref5 32. Rxf4 Rxf4 33. h3 Bc8
34. Kc2 Rh4 0-1

[Event "IV Torneo A Settembre Vomero"]
[Site "Napoli ITA"]
[Date "2007.10.18"]
[Round "4"]
[White "Improta, Giovanni"]
[Black "Radice, Mario"]
[Result "1-0"]
[WhiteElo "1935"]
[BlackElo "1982"]
[PlyCount "45"]
[EventDate "2007.09.27"]

1. d4 Nf6 2. c4 g6 3. Nc3 d5 4. cxd5 Nxd5 5. e4 Nxc3 6. bxc3 c5 7. Nf3 Bg7 8.
Bb5+ Kf8 9. O-O Bg4 10. Be3 Bxf3 11. Qxf3 cxd4 12. Rad1 e5 13. cxd4 exd4 14.
Bc1 Nc6 15. Qh3 Qb6 16. Ba4 Rd8 17. Kh1 h6 18. f4 Kg8 19. f5 Nb4 20. fxg6 fxg6
21. Bb3+ Kh7 22. Rf7 Rdf8 23. Qxh6+ 1-0

[Event "IV Torneo A Settembre Vomero"]
[Site "Napoli ITA"]
[Date "2007.10.18"]
[Round "4"]
[White "Pinto, Gaetano"]
[Black "Capozzoli, Silvio"]
[Result "1/2-1/2"]
[WhiteElo "2083"]
[BlackElo "1970"]
[PlyCount "89"]
[EventDate "2007.09.27"]

1. d4 Nf6 2. Nf3 d5 3. e3 e6 4. Bd3 b6 5. Qe2 Bb7 6. Nbd2 Ne4 7. O-O Be7 8. Ne5
O-O 9. Qh5 g6 10. Qe2 Nd7 11. Nxd7 Qxd7 12. c3 c5 13. a3 Qc7 14. Nf3 Bd6 15.
Bd2 Rae8 16. b4 c4 17. Bc2 f6 18. Qd1 e5 19. Be1 exd4 20. exd4 Bc8 21. h3 Ng5
22. Nxg5 fxg5 23. Bd2 Bh2+ 24. Kh1 Bf4 25. f3 Bxd2 26. Qxd2 Qf4 27. Qxf4 gxf4
28. Rfe1 Re3 29. Rxe3 fxe3 30. Kg1 Re8 31. Kf1 Kf7 32. Ke2 Kf6 33. f4 h5 34.
Rf1 g5 35. fxg5+ Kxg5 36. Rf7 Kh4 37. Bf5 Bxf5 38. Rxf5 Rg8 39. g4 hxg4 40.
hxg4 Kxg4 41. Rf7 Rh8 42. Kxe3 Rh3+ 43. Kd2 Rh2+ 44. Kd1 Rh1+ 45. Kd2 1/2-1/2

[Event "IV Torneo A Settembre Vomero"]
[Site "Napoli ITA"]
[Date "2007.10.18"]
[Round "4"]
[White "Supino, Domenico"]
[Black "Ficco, Corrado"]
[Result "1/2-1/2"]
[WhiteElo "1972"]
[BlackElo "2158"]
[PlyCount "63"]
[EventDate "2007.09.27"]

1. e4 e6 2. d4 d5 3. Nc3 Bb4 4. e5 c5 5. Qg4 Ne7 6. dxc5 Bxc3+ 7. bxc3 O-O 8.
Bd3 Nbc6 9. Nf3 Ng6 10. O-O Ncxe5 11. Nxe5 Nxe5 12. Bxh7+ Kxh7 13. Qh5+ Kg8 14.
Qxe5 Bd7 15. Rb1 Bc6 16. Rb4 Qf6 17. Qg3 Rfe8 18. Rf4 Qg6 19. Rg4 Qh7 20. Re1
e5 21. Bg5 f5 22. Rh4 Qg6 23. f4 exf4 24. Rxe8+ Rxe8 25. Rxf4 Re2 26. Rf2 Re4
27. Rf4 Qe6 28. h3 Re3 29. Rf3 Rxf3 30. gxf3 a5 31. a3 a4 32. Bf4 1/2-1/2

[Event "IV Torneo A Settembre Vomero"]
[Site "Napoli ITA"]
[Date "2007.10.25"]
[Round "5"]
[White "Capozzoli, Silvio"]
[Black "Longobardi, Giuseppe"]
[Result "1-0"]
[WhiteElo "1970"]
[BlackElo "2017"]
[PlyCount "93"]
[EventDate "2007.09.27"]

1. e4 c6 2. d4 d5 3. exd5 cxd5 4. c4 Nf6 5. Nc3 e6 6. c5 Be7 7. Nf3 Nc6 8. Bd3
O-O 9. a3 a5 10. Na4 Nd7 11. Qc2 g6 12. h4 e5 13. Bb5 Nxd4 14. Nxd4 exd4 15. c6
Ne5 16. c7 Qd6 17. Bh6 Bf5 18. Qd2 Rfc8 19. Qxd4 Bf6 20. Qb6 Qe7 21. Qe3 Qxc7
22. Nb6 d4 23. Nxa8 dxe3 24. Nxc7 exf2+ 25. Kxf2 Rxc7 26. Kg3 Ng4 27. Bf4 Rc5
28. Be2 h5 29. Rac1 Rxc1 30. Bxc1 Be5+ 31. Kf3 Bd7 32. Bd3 Bc6+ 33. Be4 Bxe4+
34. Kxe4 Bg3 35. Kd5 f5 36. Bg5 f4 37. Rc1 Ne3+ 38. Ke6 Nxg2 39. Rc8+ Kh7 40.
Rc7+ Kg8 41. Bf6 g5 42. Rg7+ Kh8 43. Rxg5+ Kh7 44. Rxh5+ Kg6 45. Rg5+ Kh6 46.
Bg7+ Kh7 47. Kf7 1-0

[Event "IV Torneo A Settembre Vomero"]
[Site "Napoli ITA"]
[Date "2007.10.25"]
[Round "5"]
[White "Chiummo, Sergio"]
[Black "Caiazzo, Diego"]
[Result "0-1"]
[WhiteElo "1939"]
[BlackElo "2070"]
[PlyCount "44"]
[EventDate "2007.09.27"]

1. c4 e6 2. Nf3 d5 3. e3 Nf6 4. Nc3 c5 5. cxd5 Nxd5 6. Bc4 Nxc3 7. bxc3 Nc6 8.
d4 cxd4 9. cxd4 Bb4+ 10. Bd2 Bxd2+ 11. Nxd2 O-O 12. O-O b6 13. Nf3 Bb7 14. Rc1
Rc8 15. Qe2 Qe7 16. Rfd1 Rfd8 17. Rc3 Na5 18. Nd2 Nxc4 19. Nxc4 b5 20. e4 Rxc4
21. Rxc4 bxc4 22. d5 exd5 0-1

[Event "IV Torneo A Settembre Vomero"]
[Site "Napoli ITA"]
[Date "2007.10.25"]
[Round "5"]
[White "Cosenza, Gianni"]
[Black "Improta, Giovanni"]
[Result "1-0"]
[WhiteElo "2014"]
[BlackElo "1935"]
[PlyCount "69"]
[EventDate "2007.09.27"]

1. e4 g6 2. d4 c5 3. Nf3 Bg7 4. Be3 Nf6 5. Nc3 Ng4 6. Bf4 Qb6 7. Nd5 Qa5+ 8. b4
cxb4 9. Nc7+ Kf8 10. Nxa8 d6 11. Bd2 Qd8 12. c3 b6 13. Qa4 Bb7 14. Qxa7 Bxe4
15. Qxb6 Qc8 16. Qc7 Qe8 17. Nb6 bxc3 18. Bxc3 Bf6 19. Qxb8 Qxb8 20. Nd7+ Kg7
21. Nxb8 Rxb8 22. Be2 Rc8 23. Rc1 Ra8 24. Bc4 Rc8 25. Bb3 Bd3 26. Bd2 Re8 27.
Bc4 Be4 28. O-O d5 29. Bb3 Nh6 30. Ne5 Bf5 31. h3 Be6 32. g4 g5 33. f4 gxf4 34.
Bxf4 Bh4 35. Nf3 1-0

[Event "IV Torneo A Settembre Vomero"]
[Site "Napoli ITA"]
[Date "2007.10.25"]
[Round "5"]
[White "Della Ragione, Achille"]
[Black "Della Corte, Alessandro"]
[Result "0-1"]
[WhiteElo "2026"]
[BlackElo "2260"]
[PlyCount "150"]
[EventDate "2007.09.27"]

1. c4 Nf6 2. Nc3 d5 3. cxd5 Nxd5 4. g3 g6 5. Bg2 Nxc3 6. dxc3 Qxd1+ 7. Kxd1 Bg7
8. e4 Na6 9. Be3 Bd7 10. Kc2 O-O-O 11. Bh3 e6 12. Ne2 c5 13. Rhd1 Bc6 14. f3
Bf6 15. Rxd8+ Bxd8 16. Bf1 Be7 17. Rd1 Nb8 18. Nc1 Nd7 19. Be2 g5 20. b3 g4 21.
fxg4 Bxe4+ 22. Bd3 Bc6 23. Rf1 Ne5 24. g5 Rd8 25. Be2 Be4+ 26. Kb2 a6 27. a4
Kd7 28. Bf4 Ng6 29. Be3 Ke8 30. Rd1 Rxd1 31. Bxd1 Ne5 32. Bf4 Ng6 33. Be3 Kd7
34. Be2 Ne5 35. Bf4 Ng6 36. Bd3 Bc6 37. Kc2 b5 38. axb5 axb5 39. Kd2 e5 40.
Bf5+ Kd6 41. Be3 Bd5 42. h4 Be6 43. Be4 Bg4 44. Nd3 c4 45. bxc4 bxc4 46. Nf2
Be6 47. Bf3 Bd5 48. Ne4+ Kc6 49. Ke2 Nf8 50. Nd2 Bxf3+ 51. Kxf3 Kd5 52. Ne4 Ne6
53. g4 Bd8 54. Bd2 Be7 55. Be3 Nf8 56. Ng3 Ng6 57. Nf5 Bf8 58. h5 e4+ 59. Kg3
Ne5 60. Bd4 Nf3 61. Ne3+ Ke6 62. Nxc4 Nxd4 63. cxd4 Kd5 64. Ne5 Bd6 65. Kf2
Bxe5 66. dxe5 Kxe5 67. Ke3 Kd5 68. Kf4 Kd4 69. Kf5 e3 70. Kf6 e2 71. Kxf7 e1=Q
72. g6 hxg6 73. Kxg6 Qe6+ 74. Kh7 Qxg4 75. h6 Qg5 0-1

[Event "IV Torneo A Settembre Vomero"]
[Site "Napoli ITA"]
[Date "2007.10.25"]
[Round "5"]
[White "Ficco, Corrado"]
[Black "De Rosa, Francesco"]
[Result "1/2-1/2"]
[WhiteElo "2158"]
[BlackElo "1911"]
[PlyCount "73"]
[EventDate "2007.09.27"]

1. e4 c5 2. Nf3 Nc6 3. Bb5 g6 4. O-O Nf6 5. Re1 Bg7 6. c3 O-O 7. e5 Nd5 8. d4
Nc7 9. Bf1 d6 10. exd6 Qxd6 11. dxc5 Qxd1 12. Rxd1 Bg4 13. Nbd2 Rad8 14. Re1
Ne6 15. h3 Bxf3 16. Nxf3 Nxc5 17. Bg5 Ne6 18. Be3 Rd6 19. Rad1 Rfd8 20. Be2 a6
21. Kf1 b5 22. Rxd6 Rxd6 23. Rd1 Rxd1+ 24. Bxd1 Kf8 25. Bb3 h6 26. Bd5 Ned8 27.
Ke2 e6 28. Bb3 Na5 29. Bc2 Nc4 30. Bc5+ Ke8 31. b3 Nb7 32. Bd4 Bxd4 33. Nxd4
Ncd6 34. f4 Nc5 35. Ke3 Nd7 36. Nc6 Nb6 37. g3 1/2-1/2

[Event "IV Torneo A Settembre Vomero"]
[Site "Napoli ITA"]
[Date "2007.10.25"]
[Round "5"]
[White "Lombardo, Michele"]
[Black "Supino, Domenico"]
[Result "1-0"]
[WhiteElo "2002"]
[BlackElo "1972"]
[PlyCount "55"]
[EventDate "2007.09.27"]

1. e4 e6 2. d4 c5 3. Nf3 cxd4 4. Nxd4 Nf6 5. Nc3 Nc6 6. f3 d5 7. exd5 Nxd5 8.
Nxd5 Qxd5 9. Nxc6 Qxd1+ 10. Kxd1 bxc6 11. Be3 Bb7 12. c3 O-O-O+ 13. Kc2 c5 14.
Bc4 Be7 15. a3 a5 16. Rac1 Kb8 17. Ra1 Bc6 18. b4 Ba4+ 19. Kb2 Rd7 20. bxa5
Rb7+ 21. Ka2 Bc2 22. Rac1 Bg6 23. a6 Rb6 24. Rhd1 Kc7 25. a4 Rhb8 26. Bf4+ Bd6
27. Rxd6 Rxd6 28. Rd1 1-0

[Event "IV Torneo A Settembre Vomero"]
[Site "Napoli ITA"]
[Date "2007.10.25"]
[Round "5"]
[White "Ricci, Giuseppe"]
[Black "Esposito, Rosario"]
[Result "1/2-1/2"]
[WhiteElo "1956"]
[BlackElo "1916"]
[PlyCount "64"]
[EventDate "2007.09.27"]

1. e4 c5 2. Nf3 e6 3. d4 cxd4 4. Nxd4 Nc6 5. Nb3 Nf6 6. N1d2 Be7 7. Be2 O-O 8.
O-O a6 9. a4 b6 10. c3 Bb7 11. Qc2 Qc7 12. f4 d6 13. g4 Nd7 14. Nf3 Nc5 15.
Nxc5 dxc5 16. e5 Rfd8 17. Be3 Bf8 18. Bd3 g6 19. h4 Ne7 20. h5 c4 21. hxg6 cxd3
22. gxf7+ Kh8 23. Qh2 Bxf3 24. Rxf3 Nd5 25. Bd4 Qxf7 26. Raf1 Bc5 27. f5 Bxd4+
28. cxd4 Rac8 29. Rxd3 Rg8 30. Rg3 Rc4 31. g5 exf5 32. Qh4 Qg6 1/2-1/2

[Event "IV Torneo A Settembre Vomero"]
[Site "Napoli ITA"]
[Date "2007.10.25"]
[Round "5"]
[White "Vannini, Aldo"]
[Black "Schiappoli, Dario"]
[Result "0-1"]
[WhiteElo "1959"]
[BlackElo "1936"]
[PlyCount "58"]
[EventDate "2007.09.27"]

1. d4 Nf6 2. Nf3 c5 3. g3 cxd4 4. Qxd4 Nc6 5. Qa4 b5 6. Qxb5 Rb8 7. Qd3 Nb4 8.
Qd1 Qc7 9. c3 Nc6 10. Bg2 e5 11. O-O a5 12. a4 Ba6 13. Na3 Bc5 14. Re1 O-O 15.
e3 e4 16. Nd4 Ne5 17. Nab5 Qb6 18. Bf1 Bxb5 19. Nxb5 Nf3+ 20. Kh1 Ng4 21. Re2
Ngxh2 22. Bh3 Qh6 23. Kg2 g5 24. g4 Rb6 25. Nd4 Bxd4 26. exd4 Qh4 27. Re3 Rh6
28. Rxf3 exf3+ 29. Kg1 Qxh3 0-1

[Event "IV Torneo A Settembre Vomero"]
[Site "Napoli ITA"]
[Date "2007.11.01"]
[Round "6"]
[White "Caiazzo, Diego"]
[Black "Ficco, Corrado"]
[Result "0-1"]
[WhiteElo "2070"]
[BlackElo "2158"]
[PlyCount "78"]
[EventDate "2007.09.27"]

1. d4 e6 2. e4 d5 3. exd5 exd5 4. Bd3 Nf6 5. Nf3 Be7 6. O-O O-O 7. c3 c5 8.
dxc5 Bxc5 9. Nbd2 Nc6 10. Nb3 Be7 11. Nbd4 Bg4 12. Qb3 Na5 13. Qc2 Bh5 14. Bg5
Bg6 15. Bxg6 hxg6 16. Rad1 Nc4 17. Nd2 Qc7 18. Bh4 Rac8 19. Bg3 Qb6 20. Nxc4
Rxc4 21. Qb3 Bc5 22. Qxb6 Bxb6 23. Rfe1 Bxd4 24. Rxd4 Rxd4 25. cxd4 Rc8 26. Kf1
Rc4 27. Bb8 Rxd4 28. Bxa7 Ra4 29. Bc5 Rxa2 30. Bd4 Ra4 31. Rd1 Rb4 32. Bc3 Rb5
33. Ke2 Ne4 34. Bd4 f6 35. f4 Kf7 36. Rc1 Rb4 37. Rc7+ Ke6 38. Kd3 Nd6 39. Rxb7
Rxd4+ 0-1

[Event "IV Torneo A Settembre Vomero"]
[Site "Napoli ITA"]
[Date "2007.11.01"]
[Round "6"]
[White "Capozzoli, Silvio"]
[Black "Chiummo, Sergio"]
[Result "1-0"]
[WhiteElo "1970"]
[BlackElo "1939"]
[PlyCount "81"]
[EventDate "2007.09.27"]

1. e4 e6 2. Ne2 b6 3. d4 Bb7 4. Ng3 d5 5. e5 Qd7 6. Bd3 Ba6 7. O-O Bxd3 8. Qxd3
c5 9. c3 g6 10. Nd2 Bg7 11. Nf3 Nc6 12. Be3 c4 13. Qd2 Na5 14. Rfb1 Rc8 15. Re1
Ne7 16. Bg5 h6 17. Bf6 Bxf6 18. exf6 Ng8 19. Ne5 Qc7 20. Nxg6 Rh7 21. Ne5 Nxf6
22. f4 Nc6 23. f5 Nxe5 24. dxe5 Ng4 25. Qd4 Qc5 26. Qxc5 Rxc5 27. h3 d4 28.
cxd4 Rb5 29. hxg4 Rxb2 30. Ne4 Rg7 31. Nf6+ Ke7 32. Nd5+ Kf8 33. Ne3 exf5 34.
Nxc4 Rb4 35. Rac1 Rxg4 36. Nd6 Rb2 37. Rc8+ Ke7 38. Nxf5+ Kd7 39. Ne3 Rxd4 40.
Rc2 Rb5 41. Nf5 1-0

[Event "IV Torneo A Settembre Vomero"]
[Site "Napoli ITA"]
[Date "2007.11.01"]
[Round "6"]
[White "De Rosa, Francesco"]
[Black "Lombardo, Michele"]
[Result "1/2-1/2"]
[WhiteElo "1911"]
[BlackElo "2002"]
[PlyCount "140"]
[EventDate "2007.09.27"]

1. Nf3 Nf6 2. c4 c5 3. Nc3 g6 4. g3 Bg7 5. Bg2 d6 6. d4 O-O 7. O-O Nc6 8. dxc5
dxc5 9. Be3 Qa5 10. Qa4 Nd7 11. Qb3 a6 12. Rfd1 Rb8 13. Rd2 b5 14. cxb5 axb5
15. Qd1 Nf6 16. Bf4 Ra8 17. a4 b4 18. Nb5 Bb7 19. Ne5 Rac8 20. Nc4 Qa6 21. Be3
Na5 22. Bxb7 Nxb7 23. Qc2 Ng4 24. Bg5 f6 25. Bf4 e5 26. Be3 Nxe3 27. Nxe3 Rfd8
28. Qc4+ Kh8 29. Nd5 Qe6 30. Ne3 Qc6 31. Rad1 Bh6 32. Qf7 Rf8 33. Qd7 Bxe3 34.
fxe3 Qe4 35. Rd3 c4 36. Qd5 Qg4 37. R3d2 Nc5 38. Nd6 Nb3 39. Nxc8 Nxd2 40. Rxd2
c3 41. bxc3 bxc3 42. Rc2 Rxc8 43. Qb3 Qc4 44. Qxc4 Rxc4 45. a5 e4 46. a6 Ra4
47. Rxc3 Rxa6 48. g4 Kg7 49. Rc7+ Kh6 50. Re7 f5 51. gxf5 gxf5 52. Kg2 Rg6+ 53.
Kh3 Rg1 54. Re6+ Kg5 55. Re7 Kg6 56. Re6+ Kf7 57. Rh6 Kg7 58. Ra6 Rd1 59. Ra7+
Kg6 60. Ra6+ Kg5 61. Ra2 h5 62. Rb2 Rc1 63. Rb8 Rc3 64. Rg8+ Kf6 65. Rg3 Ke5
66. Kh4 Rc2 67. Kxh5 Rxe2 68. h4 Kf6 69. Rg6+ Kf7 70. Rg5 Kf6 1/2-1/2

[Event "IV Torneo A Settembre Vomero"]
[Site "Napoli ITA"]
[Date "2007.11.01"]
[Round "6"]
[White "Della Corte, Alessandro"]
[Black "Cosenza, Gianni"]
[Result "1/2-1/2"]
[WhiteElo "2260"]
[BlackElo "2014"]
[PlyCount "86"]
[EventDate "2007.09.27"]

1. Nf3 d5 2. c4 e6 3. d4 Nf6 4. Nc3 c6 5. e3 Nbd7 6. Qc2 Bd6 7. g4 dxc4 8. Bxc4
Nd5 9. Bd2 N7b6 10. Be2 a5 11. a3 Nxc3 12. Qxc3 Nd5 13. Qc1 Nf6 14. g5 Ne4 15.
Bd3 Nxg5 16. Nxg5 Qxg5 17. Qc2 Qh5 18. Rg1 g5 19. Be2 Qg6 20. Qc3 Qf6 21. e4
Bf4 22. e5 Qh6 23. Bxf4 gxf4 24. Bf3 Bd7 25. Rc1 Qf8 26. Qd2 Rg8 27. Rxg8 Qxg8
28. Qxf4 Ra6 29. Kd2 Rb6 30. Kc2 Qf8 31. Rg1 c5 32. dxc5 Qxc5+ 33. Kb1 Rxb2+
34. Kxb2 Qxf2+ 35. Kb3 Qxg1 36. Be4 Qb6+ 37. Ka2 Ba4 38. Qg3 Kd7 39. Qf3 Kc8
40. Qc3+ Kb8 41. Bxh7 Qf2+ 42. Qb2 Qh4 43. Bd3 Bc6 1/2-1/2

[Event "IV Torneo A Settembre Vomero"]
[Site "Napoli ITA"]
[Date "2007.11.01"]
[Round "6"]
[White "Improta, Giovanni"]
[Black "Altieri, Danilo Mario"]
[Result "0-1"]
[WhiteElo "1935"]
[BlackElo "1967"]
[PlyCount "74"]
[EventDate "2007.09.27"]

1. e4 d5 2. exd5 Nf6 3. Nc3 Nxd5 4. Nf3 g6 5. Be2 Bg7 6. O-O O-O 7. Nxd5 Qxd5
8. d3 b6 9. Nd2 Nc6 10. Bf3 Qd7 11. Ne4 Bb7 12. c3 Ne5 13. Be2 Rad8 14. Qc2
Nxd3 15. Bf3 Ne5 16. Nf6+ Bxf6 17. Bxb7 c6 18. Ba6 b5 19. a4 Rb8 20. Bh6 Rfd8
21. Rfd1 Qg4 22. Rxd8+ Rxd8 23. Be3 Nf3+ 24. Kh1 Nh4 25. Rg1 Nxg2 26. Bd4 Bxd4
27. Rxg2 Qf3 28. cxd4 Rxd4 29. h3 Rd1+ 30. Kh2 Qf4+ 31. Rg3 Rd2 32. Qxd2 Qxd2
33. Kg2 Qxb2 34. axb5 cxb5 35. Bb7 a5 36. Rf3 a4 37. Bd5 e6 0-1

[Event "IV Torneo A Settembre Vomero"]
[Site "Napoli ITA"]
[Date "2007.11.01"]
[Round "6"]
[White "Pinto, Gaetano"]
[Black "Della Ragione, Achille"]
[Result "1-0"]
[WhiteElo "2083"]
[BlackElo "2026"]
[PlyCount "95"]
[EventDate "2007.09.27"]

1. d4 d5 2. c4 Bf5 3. cxd5 Bxb1 4. Qa4+ c6 5. dxc6 Nxc6 6. Rxb1 e5 7. Bd2 Qxd4
8. Qxd4 Nxd4 9. e3 Nc6 10. Bb5 Bd6 11. Bxc6+ bxc6 12. Nf3 Ne7 13. e4 O-O 14.
Ke2 f6 15. Rhc1 Kf7 16. Be3 Ke6 17. Nd2 Rfc8 18. Nb3 a5 19. Nc5+ Bxc5 20. Bxc5
Rab8 21. Rc4 Rb5 22. b3 Ng6 23. Be3 Rb4 24. Rbc1 Rxc4 25. Rxc4 Kd6 26. Ra4 Ra8
27. Bd2 c5 28. Rxa5 Rxa5 29. Bxa5 Nf4+ 30. Kf3 g6 31. Bd2 Ne6 32. Ke3 f5 33.
exf5 gxf5 34. Kd3 Kd5 35. f3 Nc7 36. a4 Ne6 37. a5 Nc7 38. g4 fxg4 39. fxg4 e4+
40. Ke3 Ke5 41. Bc3+ Kd5 42. h4 Nb5 43. Bb2 Nd4 44. Bxd4 cxd4+ 45. Ke2 Ke5 46.
a6 Kf4 47. a7 d3+ 48. Kd2 1-0

[Event "VIII Festival A"]
[Site "Nichelino ITA"]
[Date "2007.10.04"]
[Round "1"]
[White "Angioni, Gian Carlo"]
[Black "Martin, Tiziano"]
[Result "1-0"]
[WhiteElo "1811"]
[BlackElo "2019"]
[PlyCount "33"]
[EventDate "2007.10.04"]

1. e4 e5 2. Nf3 Nc6 3. Bb5 d6 4. d4 Bd7 5. Nc3 exd4 6. Nxd4 Nf6 7. Nxc6 bxc6 8.
Bd3 Be7 9. O-O O-O 10. f4 Re8 11. Qf3 Bg4 12. Qg3 Qc8 13. h3 Nh5 14. Qxg4 Qxg4
15. hxg4 Nf6 16. g5 Nd7 17. Be3 1-0

[Event "VIII Festival A"]
[Site "Nichelino ITA"]
[Date "2007.10.04"]
[Round "1"]
[White "Astengo, Marcello"]
[Black "Crepaldi, Manuele"]
[Result "1-0"]
[WhiteElo "2024"]
[BlackElo "1821"]
[PlyCount "41"]
[EventDate "2007.10.04"]

1. d4 Nf6 2. c4 g6 3. Nc3 Bg7 4. e4 d6 5. f3 O-O 6. Be3 Nc6 7. Bd3 Nd7 8. Nge2
Nb4 9. Bb1 c5 10. O-O cxd4 11. Nxd4 Ne5 12. b3 Nec6 13. Qd2 a5 14. Rd1 a4 15.
Nxa4 Rxa4 16. bxa4 Qa5 17. Nxc6 bxc6 18. Bd4 f6 19. a3 c5 20. axb4 cxb4 21. Bc2
1-0

[Event "VIII Festival A"]
[Site "Nichelino ITA"]
[Date "2007.10.04"]
[Round "1"]
[White "Blundo, Michele"]
[Black "D'Ingiullo, Roberto"]
[Result "0-1"]
[WhiteElo "1896"]
[BlackElo "2104"]
[PlyCount "67"]
[EventDate "2007.10.04"]

1. d4 Nf6 2. c4 g6 3. Nc3 Bg7 4. Nf3 O-O 5. e3 b6 6. Bd3 Bb7 7. O-O c5 8. d5 d6
9. e4 e5 10. Bg5 h6 11. Bxf6 Qxf6 12. Re1 Nd7 13. h3 Qe7 14. Nh2 Bc8 15. Re3
Nf6 16. Ng4 Nh5 17. g3 f5 18. exf5 gxf5 19. Nh2 f4 20. Re1 fxg3 21. fxg3 Nxg3
22. Ne4 Nxe4 23. Bxe4 Bxh3 24. Qh5 Qg5+ 25. Qxg5 hxg5 26. Nf1 Rf4 27. Ng3 Raf8
28. Re2 Bg4 29. Rh2 Bf6 30. Re1 Be7 31. b3 Bf3 32. Bxf3 Rxf3 33. Ne4 R8f4 34.
Rg2 0-1

[Event "VIII Festival A"]
[Site "Nichelino ITA"]
[Date "2007.10.04"]
[Round "1"]
[White "Cacinschi, Alexandru"]
[Black "Matta, Francesca"]
[Result "0-1"]
[WhiteElo "1630"]
[BlackElo "1945"]
[PlyCount "120"]
[EventDate "2007.10.04"]

1. c4 c5 2. Nf3 Nc6 3. Nc3 Nd4 4. e3 Nxf3+ 5. gxf3 e6 6. d4 cxd4 7. Qxd4 Ne7 8.
e4 Nc6 9. Qd1 Bc5 10. Bf4 Qb6 11. Qd2 Nd4 12. Bg2 Qa6 13. Qd3 d6 14. O-O Bd7
15. Be3 Nc6 16. Nb5 Ne5 17. Bxc5 Nxd3 18. Nc7+ Ke7 19. Nxa6 Nxc5 20. Nxc5 dxc5
21. f4 Bc6 22. Rfd1 Rhd8 23. e5 Bxg2 24. Kxg2 f6 25. Kf3 fxe5 26. fxe5 Rxd1 27.
Rxd1 Rf8+ 28. Kg3 g5 29. Rd2 Rf4 30. b3 Re4 31. f3 Rxe5 32. Kg4 Rf5 33. Rd3 Re5
34. Rd2 b6 35. Kh5 Rf5 36. Rd3 Kf6 37. Kg4 Rf4+ 38. Kg3 Rd4 39. Re3 h5 40. Re2
Kf5 41. h3 Rd3 42. Kg2 e5 43. Kf2 Rd4 44. Kg2 Kf4 45. Kf2 e4 46. fxe4 Rxe4 47.
Rd2 Rd4 48. Re2 g4 49. hxg4 hxg4 50. Kg2 Rd3 51. Rc2 Ke4 52. Re2+ Kd4 53. Kg1
Kc3 54. Re7 Rd1+ 55. Kg2 Rd2+ 56. Kg3 Rxa2 57. Re3+ Kb4 58. Kxg4 Ra3 59. Re7
Kxb3 60. Re3+ Kb4 0-1

[Event "VIII Festival A"]
[Site "Nichelino ITA"]
[Date "2007.10.04"]
[Round "1"]
[White "Damia, Angelo"]
[Black "Torrione, William"]
[Result "1-0"]
[WhiteElo "2266"]
[BlackElo "1911"]
[PlyCount "73"]
[EventDate "2007.10.04"]

1. e4 e5 2. Nf3 Nf6 3. Nxe5 d6 4. Nf3 Nxe4 5. Nc3 Nxc3 6. dxc3 Nc6 7. Bc4 Be7
8. Bf4 Be6 9. Qe2 Bxc4 10. Qxc4 Qd7 11. O-O-O Qe6 12. Qb5 O-O-O 13. Kb1 Qg4 14.
Be3 a6 15. Qd5 Qe6 16. Qd2 Bf6 17. Rhe1 Qf5 18. Nd4 Nxd4 19. Bxd4 Bxd4 20. Qxd4
Kb8 21. Re7 Rhe8 22. Rde1 Rxe7 23. Rxe7 Qg5 24. Rxf7 Qxg2 25. a4 Qxh2 26. Qxg7
Qh1+ 27. Ka2 Qd5+ 28. b3 Qc5 29. Kb2 h5 30. Qh7 Re8 31. Rf4 Re5 32. Rc4 Qb6 33.
f4 Rc5 34. Rxc5 Qxc5 35. f5 b5 36. f6 bxa4 37. Qh8+ 1-0

[Event "VIII Festival A"]
[Site "Nichelino ITA"]
[Date "2007.10.04"]
[Round "1"]
[White "Davi, Alessandro"]
[Black "Pulito, Alberto"]
[Result "1/2-1/2"]
[WhiteElo "1915"]
[BlackElo "2285"]
[PlyCount "137"]
[EventDate "2007.10.04"]

1. d4 d5 2. c4 e6 3. Nc3 Nf6 4. Nf3 c6 5. Bg5 Nbd7 6. cxd5 exd5 7. e3 Be7 8.
Bd3 Nf8 9. h3 Ne6 10. Bh4 g6 11. Qc2 O-O 12. O-O Ng7 13. Bg3 Bf5 14. Rab1 a5
15. Rfc1 Re8 16. Bh2 Bf8 17. Ne5 Bxd3 18. Nxd3 Nf5 19. Na4 Ne4 20. Nac5 Nfd6
21. b4 Qe7 22. Qb2 Nc4 23. Qe2 b5 24. Nxe4 Qxe4 25. Ne5 Nxe5 26. Bxe5 Bxb4 27.
g4 g5 28. Rb3 Qg6 29. a3 Bf8 30. Rbc3 Rac8 31. f4 b4 32. axb4 axb4 33. R3c2 f6
34. f5 Qg7 35. Bg3 Qb7 36. Qd3 Re4 37. Qb3 Qb5 38. Kg2 h6 39. Be1 Bd6 40. Rb1
Rce8 41. Bf2 Ra8 42. Ra2 Ree8 43. Rba1 Ra3 44. Rxa3 bxa3 45. Rxa3 Bxa3 46. Qxa3
Qb8 47. Qc5 Qc7 48. Bg3 Qd7 49. Kf3 Qe7 50. Qxe7 Rxe7 51. h4 Kf7 52. hxg5 hxg5
53. Bh2 Ke8 54. Bg3 Kd7 55. Be1 Re8 56. Bg3 Ra8 57. Bf2 Ra3 58. Ke2 Rb3 59. Be1
c5 60. dxc5 Ra3 61. Bb4 Rb3 62. Be1 Kc6 63. Ba5 Kd7 64. Be1 Ke7 65. Ba5 Rb5 66.
Bb6 Kd7 67. c6+ Kd6 68. Bd4 Rb4 69. c7 1/2-1/2